Stochastic analysis of cold standby repairable systems with installation time for the unit (Record no. 393556)

MARC details
000 -LEADER
fixed length control field 00519nam a2200181 4500
005 - DATE & TIME
control field 20250926161044.0
008 - FIXED-LENGTH DATA ELEMENTS--GENERAL INFORMATION
fixed length control field 250926b |||||||| |||| 00| 0 eng d
040 ## - CATALOGING SOURCE
Original cataloging agency VIVEKANANDA LIBRARY
082 ## - DDC NUMBER
Classification number 519.5
Book Number K958S
100 ## - MAIN ENTRY--PERSONAL NAME
Personal name Kuldeep
245 ## - TITLE STATEMENT
Title Stochastic analysis of cold standby repairable systems with installation time for the unit
260 ## - PUBLICATION, DISTRIBUTION, ETC. (IMPRINT)
Name of publisher, distributor, etc Department of Statistics, M D University, Rohtak
Date of publication, distribution, etc 2025
300 ## - PHYSICAL DESCRIPTION
Pages 119
650 ## - Subject
Subject Statistics
650 ## - Subject
Subject Repairable Systems
700 ## - Added Entry Personal Name
Added Entry Personal Name Malik, S C
942 ## - ADDED ENTRY ELEMENTS (KOHA)
Koha item type Thesis
Holdings
Withdrawn status Lost status Source of classification or shelving scheme Damaged status Not for loan Location (home branch) Sublocation or collection (holding branch) Shelving location Date acquired Koha issues (times borrowed) Koha full call number Accession No. Koha date last seen Copy number Koha item type
    Dewey Decimal Classification     VIVEKANANDA LIBRARY VIVEKANANDA LIBRARY Vivekananda Library 26/09/2025   519.5 K958S 411191 26/09/2025 R Thesis
© Designed and Maintained by Vivekananda Library, MDU Rohtak